[Event "CAN-ch"]
[Site "Toronto CAN"]
[Date "2023.04.06"]
[Round "1.7"]
[White "Ning, Eric"]
[Black "Plotkin, Victor"]
[Result "0-1"]
[WhiteElo "2182"]
[BlackElo "2386"]
[PlyCount "102"]
[EventDate "2023.04.06"]
[EventType "swiss"]
[EventRounds "9"]
[EventCountry "CAN"]

1. d4 Nf6 2. c4 e6 3. Nc3 d5 4. cxd5 exd5 5. Bg5 Be7 6. e3 c6 7. Bd3 Nbd7 8.
Qc2 Nf8 9. Nge2 Nh5 10. Bxe7 Qxe7 11. O-O-O g6 12. Rhe1 Be6 13. e4 Nd7 14. exd5
cxd5 15. Nxd5 Qg5+ 16. Ne3 O-O 17. Kb1 Nb6 18. g3 Qa5 19. b3 Rfd8 20. f4 Nf6
21. f5 Rac8 22. Qd2 Qxd2 23. Rxd2 Bd5 24. Nxd5 Nbxd5 25. Kb2 g5 26. Rc1 Rxc1
27. Nxc1 Ne3 28. Bc4 Kg7 29. Ne2 Nxf5 30. d5 a6 31. a4 Nd6 32. a5 Re8 33. Nd4
h6 34. Re2 Rxe2+ 35. Nxe2 Ng4 36. h3 Nf2 37. Kc3 Kf6 38. Kd4 Nxh3 39. Kc5 Ke7
40. Kb6 Nf2 41. Bxa6 bxa6 42. Kxa6 Nd3 43. Kb6 h5 44. Nd4 Kd7 45. a6 h4 46.
gxh4 gxh4 47. Nf5 Nc8+ 48. Ka5 h3 49. b4 h2 50. Ng3 Nf4 51. b5 Nxd5 0-1

[Event "CAN-ch"]
[Site "Toronto CAN"]
[Date "2023.04.06"]
[Round "1.8"]
[White "Chen, Max"]
[Black "Yang, Lefan"]
[Result "0-1"]
[WhiteElo "2345"]
[BlackElo "2180"]
[PlyCount "78"]
[EventDate "2023.04.06"]
[EventType "swiss"]
[EventRounds "9"]
[EventCountry "CAN"]

1. b3 e5 2. Bb2 Nc6 3. e3 Nf6 4. Nf3 e4 5. Nd4 Nxd4 6. Bxd4 d5 7. c4 Be7 8. Nc3
dxc4 9. Bxc4 Bf5 10. Qc2 O-O 11. f3 Bd6 12. O-O-O Re8 13. g4 Bg6 14. Bxf6 Qxf6
15. f4 h5 16. h3 c6 17. Kb1 b5 18. Be2 Bh7 19. g5 Qe6 20. Bxh5 a5 21. Bg4 f5
22. Be2 a4 23. Nxa4 Kh8 24. Nb6 Ra3 25. Rc1 Bg8 26. Qb2 Bf8 27. h4 Rb8 28. h5
Kh7 29. g6+ Kh6 30. Nc4 bxc4 31. Bxc4 Qxc4 32. Rxc4 Bxc4 33. d4 Bxb3 34. Qg2
Bd1+ 35. Ka1 Bg4 36. Rb1 Rxb1+ 37. Kxb1 Rxe3 38. a4 Re1+ 39. Kc2 Re2+ 0-1

[Event "CAN-ch"]
[Site "Toronto CAN"]
[Date "2023.04.06"]
[Round "1.9"]
[White "Chen, Richard"]
[Black "Huang, Youhe"]
[Result "0-1"]
[WhiteElo "2172"]
[BlackElo "2284"]
[PlyCount "84"]
[EventDate "2023.04.06"]
[EventType "swiss"]
[EventRounds "9"]
[EventCountry "CAN"]

1. e4 c5 2. Nf3 d6 3. d4 cxd4 4. Nxd4 Nf6 5. Nc3 a6 6. Bc4 e6 7. a4 Nc6 8. O-O
Qc7 9. Be3 Be7 10. Qe2 O-O 11. Rad1 Bd7 12. f4 Nxd4 13. Bxd4 e5 14. fxe5 dxe5
15. Nd5 Nxd5 16. exd5 Bd6 17. Bc3 Bxa4 18. Bd3 Bb5 19. Bxb5 Qb6+ 20. Rf2 axb5
21. Bxe5 Rae8 22. Bd4 Bxh2+ 23. Kf1 Qh6 24. Qg4 Bg3 25. Qh3 Qxh3 26. gxh3 Bxf2
27. Kxf2 Re4 28. Bb6 Re7 29. Bc5 Rc7 30. Bxf8 Rxc2+ 31. Ke3 Kxf8 32. Ra1 Ke7
33. Ra7 Rc7 34. Kd4 Kd6 35. b3 Rc5 36. Rxb7 Rxd5+ 37. Ke4 Rh5 38. Rxf7 Rh4+ 39.
Kf3 Rxh3+ 40. Kg2 Rh6 41. Rxg7 Rg6+ 42. Rxg6+ hxg6 0-1

[Event "CAN-ch"]
[Site "Toronto CAN"]
[Date "2023.04.06"]
[Round "1.11"]
[White "Zhu, Matthew"]
[Black "Zhou, Aiden"]
[Result "0-1"]
[WhiteElo "2113"]
[BlackElo "2257"]
[PlyCount "64"]
[EventDate "2023.04.06"]
[EventType "swiss"]
[EventRounds "9"]
[EventCountry "CAN"]

1. e4 c6 2. d4 d5 3. Nd2 dxe4 4. Nxe4 Nf6 5. Nxf6+ exf6 6. c3 Bd6 7. Bd3 O-O 8.
Qc2 Re8+ 9. Ne2 h5 10. O-O h4 11. h3 Nd7 12. Be3 Nf8 13. Rad1 Bb8 14. Bc1 Qd6
15. Bf4 Qd5 16. c4 Qa5 17. Bxb8 Rxb8 18. Nc3 b5 19. d5 b4 20. Ne4 cxd5 21. cxd5
Rd8 22. Qc4 Nd7 23. Rfe1 Qb6 24. d6 Ne5 25. Nxf6+ gxf6 26. Qxh4 Rxd6 27. Qh6 f5
28. Qh5 Rh6 29. Qg5+ Rg6 30. Qh5 Bb7 31. g4 Nf3+ 32. Kf1 Rg5 0-1

[Event "CAN-ch"]
[Site "Toronto CAN"]
[Date "2023.04.06"]
[Round "1.12"]
[White "Clyde, Jordan"]
[Black "Song, Ethan"]
[Result "1/2-1/2"]
[WhiteElo "2247"]
[BlackElo "2088"]
[PlyCount "80"]
[EventDate "2023.04.06"]
[EventType "swiss"]
[EventRounds "9"]
[EventCountry "CAN"]

1. d3 e5 2. Nf3 Nc6 3. g3 d5 4. c3 Be6 5. b4 Bd6 6. Qa4 a6 7. Bg2 b5 8. Qc2 h6
9. a4 Nge7 10. O-O O-O 11. Nbd2 Qd7 12. Nb3 Bh3 13. Nc5 Bxc5 14. bxc5 Bxg2 15.
Kxg2 f5 16. e4 fxe4 17. dxe4 bxa4 18. Rxa4 Qg4 19. Ng1 d4 20. f3 Qd7 21. Rd1
Qe6 22. Bb2 dxc3 23. Bxc3 Kh8 24. Rda1 Rad8 25. Rxa6 Qc4 26. R6a4 Qxc5 27. Rc1
Qe3 28. Re1 Qg5 29. Rc4 Rd6 30. Rd1 Rfd8 31. Rxd6 Rxd6 32. f4 exf4 33. Nf3 Qh5
34. Rc5 Qg4 35. Be5 Rg6 36. Bxc7 fxg3 37. hxg3 Rf6 38. Qd3 Ng6 39. Rf5 Re6 40.
Bf4 Nce7 1/2-1/2

[Event "CAN-ch"]
[Site "Toronto CAN"]
[Date "2023.04.07"]
[Round "2.4"]
[White "Zhou, Aiden"]
[Black "Sambuev, Bator"]
[Result "1/2-1/2"]
[WhiteElo "2257"]
[BlackElo "2514"]
[PlyCount "123"]
[EventDate "2023.04.06"]
[EventType "swiss"]
[EventRounds "9"]
[EventCountry "CAN"]

1. d4 Nf6 2. c4 e6 3. g3 d5 4. Nf3 c6 5. Bg2 dxc4 6. Ne5 Bb4+ 7. Bd2 Be7 8. e3
b5 9. a4 b4 10. O-O O-O 11. Qc2 a5 12. Rd1 Ba6 13. Be1 Nbd7 14. Nxc6 Qe8 15.
Nxa5 Rc8 16. Nc6 Nd5 17. Bxd5 b3 18. Nxe7+ Qxe7 19. Qe4 Nf6 20. Qe5 Nxd5 21. e4
f6 22. Qh5 Nb6 23. Nc3 f5 24. d5 fxe4 25. Qe5 Rce8 26. Qxe6+ Qxe6 27. dxe6 Rxe6
28. a5 Nc8 29. Nd5 e3 30. Nxe3 Na7 31. Rac1 Rc8 32. Rd7 Nb5 33. Bc3 Nxc3 34.
Rxc3 Rc5 35. Rd1 h6 36. Rdc1 Rec6 37. Ra1 Rd6 38. Rd1 Rxd1+ 39. Nxd1 Rxa5 40.
Kf1 Kf7 41. Ke2 Ke6 42. Kd2 Rd5+ 43. Ke2 Kd6 44. Ne3 Re5 45. Kd2 Kc5 46. Rc1
Kb4 47. Ra1 Re6 48. Nd5+ Kc5 49. Ra5+ Kd4 50. Nc3 Bb7 51. Rb5 Bc6 52. Ra5 Rd6
53. f4 Re6 54. h4 Re7 55. Rh5 Bf3 56. Nb5+ Ke4 57. Nc3+ Kd4 58. Nb5+ Ke4 59.
Nd6+ Kd4 60. Nb5+ Ke4 61. Nc3+ Kd4 62. Nb5+ 1/2-1/2

[Event "CAN-ch"]
[Site "Toronto CAN"]
[Date "2023.04.07"]
[Round "2.5"]
[White "Xu, Daniel"]
[Black "Oancea, Nicolae"]
[Result "1-0"]
[WhiteElo "2403"]
[BlackElo "1991"]
[PlyCount "95"]
[EventDate "2023.04.06"]
[EventType "swiss"]
[EventRounds "9"]
[EventCountry "CAN"]

1. e4 e6 2. d4 d5 3. Nd2 c5 4. Ngf3 cxd4 5. exd5 Qxd5 6. Bc4 Qd6 7. O-O Nf6 8.
Nb3 Nc6 9. Nbxd4 Nxd4 10. Nxd4 Be7 11. c3 O-O 12. Qf3 Qc7 13. Bb3 Bd7 14. Bg5
Qb6 15. Rfe1 Nd5 16. Bxd5 Bxg5 17. Bxb7 Rab8 18. Bc6 e5 19. Rxe5 Qxb2 20. Rae1
Rbe8 21. Rxe8 Rxe8 22. Rxe8+ Bxe8 23. g3 Bxc6 24. Qxc6 g6 25. Nf3 Be7 26. a4
Qa3 27. Ne5 Bf8 28. Qd5 Qe7 29. c4 Kg7 30. Kg2 h5 31. Nd7 f5 32. c5 Qe4+ 33.
Qxe4 fxe4 34. f3 exf3+ 35. Kxf3 Be7 36. Ke4 Kf7 37. Kd5 Ke8 38. Ne5 g5 39. Nc6
Bf6 40. Nxa7 Bc3 41. Nc6 Kd7 42. a5 Be1 43. a6 Kc7 44. Nd4 h4 45. gxh4 g4 46.
Nb5+ Kc8 47. a7 Kb7 48. c6+ 1-0

[Event "CAN-ch"]
[Site "Toronto CAN"]
[Date "2023.04.07"]
[Round "2.6"]
[White "Yang, Lefan"]
[Black "Rusonik, Max"]
[Result "0-1"]
[WhiteElo "2180"]
[BlackElo "2394"]
[PlyCount "44"]
[EventDate "2023.04.06"]
[EventType "swiss"]
[EventRounds "9"]
[EventCountry "CAN"]

1. d4 Nf6 2. c4 e6 3. Nc3 Bb4 4. e3 O-O 5. Nge2 c6 6. a3 Ba5 7. b4 Bc7 8. e4 d5
9. e5 Nfd7 10. cxd5 exd5 11. Ng3 f6 12. f4 fxe5 13. fxe5 Qh4 14. Be3 Nxe5 15.
dxe5 Bxe5 16. Nce2 Bg4 17. Rg1 Bc3+ 18. Nxc3 Bxd1 19. Rxd1 Nd7 20. Rd4 Qf6 21.
Kd2 Rae8 22. Be2 Rxe3 0-1

[Event "CAN-ch"]
[Site "Toronto CAN"]
[Date "2023.04.07"]
[Round "2.7"]
[White "Latreille, Etienne"]
[Black "Clyde, Jordan"]
[Result "1/2-1/2"]
[WhiteElo "2194"]
[BlackElo "2247"]
[PlyCount "43"]
[EventDate "2023.04.06"]
[EventType "swiss"]
[EventRounds "9"]
[EventCountry "CAN"]

1. e4 d6 2. d4 Nf6 3. Nc3 c6 4. f4 Qa5 5. e5 Ne4 6. Bd2 Nxd2 7. Qxd2 dxe5 8.
fxe5 Bf5 9. Bd3 Bxd3 10. Qxd3 e6 11. Nge2 Be7 12. O-O Nd7 13. Qg3 O-O 14. Nf4
Qb6 15. Rad1 Kh8 16. Kh1 Rg8 17. Rd3 Qxb2 18. Rb1 Qxc2 19. Qe1 b5 20. Rc1 Qb2
21. Rb1 Qc2 22. Rc1 1/2-1/2

[Event "CAN-ch"]
[Site "Toronto CAN"]
[Date "2023.04.07"]
[Round "2.8"]
[White "Song, Ethan"]
[Black "Chen, Max"]
[Result "1-0"]
[WhiteElo "2088"]
[BlackElo "2345"]
[PlyCount "115"]
[EventDate "2023.04.06"]
[EventType "swiss"]
[EventRounds "9"]
[EventCountry "CAN"]

1. c4 Nf6 2. d4 b6 3. Nc3 Bb7 4. d5 e6 5. dxe6 fxe6 6. Nf3 Be7 7. Bg5 O-O 8. e3
Ne4 9. Nxe4 Bxe4 10. Nd2 Bb7 11. Bf4 Na6 12. a3 Nc5 13. b4 Ne4 14. Nxe4 Bxe4
15. Bd3 Bf5 16. O-O c5 17. Bxf5 Rxf5 18. Bd6 Rc8 19. e4 Rf7 20. b5 Bxd6 21.
Qxd6 Qf6 22. Rad1 Qb2 23. Qd2 Qxa3 24. Qc2 d5 25. Ra1 Qb4 26. Ra4 dxc4 27. Rxb4
cxb4 28. Rb1 Rd7 29. g3 Kf7 30. Rxb4 c3 31. Rb1 Rd2 32. Qb3 Rc5 33. Rc1 Rb2 34.
Qa3 Rbxb5 35. Rxc3 Ra5 36. Rf3+ Ke7 37. Qb2 Re5 38. Re3 Kf7 39. Qd4 h6 40. f4
Rec5 41. Qd7+ Kf8 42. Qxe6 Rc2 43. Re1 Raa2 44. Qh3 a5 45. Rd1 Rd2 46. Qc8+ Kf7
47. Rxd2 Rxd2 48. Qc7+ Kg8 49. Qxb6 a4 50. Qa5 Rd1+ 51. Kg2 Ra1 52. e5 Ra2+ 53.
Kh3 Re2 54. Qxa4 Kh8 55. Qe8+ Kh7 56. e6 g5 57. fxg5 hxg5 58. Qh5+ 1-0

[Event "CAN-ch"]
[Site "Toronto CAN"]
[Date "2023.04.07"]
[Round "2.9"]
[White "Ning, Eric"]
[Black "Barron, Michael"]
[Result "0-1"]
[WhiteElo "2182"]
[BlackElo "2244"]
[PlyCount "84"]
[EventDate "2023.04.06"]
[EventType "swiss"]
[EventRounds "9"]
[EventCountry "CAN"]

1. d4 f5 2. c4 Nf6 3. g3 g6 4. Bg2 Bg7 5. Nc3 O-O 6. Nh3 d6 7. d5 Na6 8. O-O
Nc5 9. Qc2 a5 10. b3 e5 11. dxe6 c6 12. Ba3 Bxe6 13. Rad1 Qe7 14. Nf4 Bf7 15.
Na4 Rfd8 16. Nxc5 dxc5 17. Rxd8+ Rxd8 18. Nd3 Nd7 19. Re1 b6 20. Bxc6 Ne5 21.
Nxe5 Qxe5 22. Rd1 Rd4 23. Rxd4 Qxd4 24. Bc1 Be5 25. Kg2 Kg7 26. Be3 Qd6 27. Bf3
Kf6 28. Qc1 Be6 29. h4 h5 30. Qd2 Qxd2 31. Bxd2 Ke7 32. Bc6 Bf7 33. Bg5+ Kd6
34. Ba8 Kc7 35. Kf3 a4 36. Bf4 Kd6 37. Bxe5+ Kxe5 38. Ke3 b5 39. cxb5 Bxb3 40.
axb3 a3 41. b6 Kd6 42. b4 c4 0-1

[Event "CAN-ch"]
[Site "Toronto CAN"]
[Date "2023.04.07"]
[Round "2.11"]
[White "Guillemette, Hugo"]
[Black "Liu, Henry"]
[Result "1/2-1/2"]
[WhiteElo "2124"]
[BlackElo "2213"]
[PlyCount "116"]
[EventDate "2023.04.06"]
[EventType "swiss"]
[EventRounds "9"]
[EventCountry "CAN"]

1. e4 e6 2. d4 d5 3. e5 c5 4. c3 Nc6 5. Nf3 Qb6 6. a3 Nh6 7. b4 cxd4 8. cxd4
Nf5 9. Be3 Be7 10. Bd3 Bd7 11. Nc3 g6 12. O-O Rc8 13. Na4 Qd8 14. Rc1 O-O 15.
Nc5 Rb8 16. Qd2 Nxe3 17. fxe3 Be8 18. e4 b6 19. Nb3 Qd7 20. exd5 exd5 21. Qe2
Nd8 22. Rc3 Ne6 23. g3 Ng5 24. Nxg5 Bxg5 25. Qf2 Rc8 26. Rxc8 Qxc8 27. Qe1 Ba4
28. Nc1 Bc2 29. e6 Bxd3 30. exf7+ Rxf7 31. Nxd3 Rxf1+ 32. Kxf1 Qf5+ 33. Nf2 Kf8
34. Kg2 Bf6 35. Qc3 h5 36. h3 Qe6 37. Qf3 Ke7 38. Qf4 Qd6 39. Qe3+ Qe6 40. Qf4
Kd7 41. h4 Qf5 42. Qe3 Bg7 43. b5 Qf6 44. Qc3 Kd8 45. Qc2 Qd6 46. Qd3 Qf6 47.
Qc2 Bh6 48. Qd3 Qe6 49. Qf3 Be3 50. Qf8+ Kd7 51. Qg7+ Ke8 52. Qh8+ Ke7 53. Qg7+
Kd6 54. Qf8+ Qe7 55. Qb8+ Qc7 56. Qf8+ Qe7 57. Qb8+ Qc7 58. Qf8+ Qe7 1/2-1/2

[Event "CAN-ch"]
[Site "Toronto CAN"]
[Date "2023.04.07"]
[Round "2.12"]
[White "Latorre, Vincent"]
[Black "Zhu, Matthew"]
[Result "1-0"]
[WhiteElo "2200"]
[BlackElo "2113"]
[PlyCount "151"]
[EventDate "2023.04.06"]
[EventType "swiss"]
[EventRounds "9"]
[EventCountry "CAN"]

1. e4 c5 2. Nf3 d6 3. c3 Nf6 4. Be2 e6 5. O-O Bd7 6. e5 dxe5 7. Nxe5 Nc6 8.
Nxd7 Qxd7 9. d3 Be7 10. a4 Rd8 11. Qc2 Nd5 12. Rd1 O-O 13. Bf1 f5 14. Nd2 Bf6
15. Nc4 Kh8 16. Re1 e5 17. g3 b6 18. Bd2 Qf7 19. Bg2 Nde7 20. b3 Rd7 21. Rad1
Rfd8 22. Bc1 g6 23. f4 Qg7 24. fxe5 Nxe5 25. Nxe5 Bxe5 26. Bb2 Kg8 27. Kh1 Bf6
28. d4 cxd4 29. cxd4 Bxd4 30. Bxd4 Rxd4 31. Rxd4 Qxd4 32. h3 Kf7 33. Qe2 Qf6
34. Qc4+ Kf8 35. Qc7 Rd3 36. Qxa7 Rd8 37. Qb7 Re8 38. Qd7 h5 39. b4 h4 40. gxh4
Qxh4 41. Qe6 Rd8 42. a5 Rd6 43. Qe5 bxa5 44. bxa5 Ra6 45. Rb1 Nc6 46. Rb8+ Nxb8
47. Qxb8+ Kg7 48. Qb7+ Kh6 49. Qxa6 Qe1+ 50. Bf1 Qe4+ 51. Kg1 Qe3+ 52. Kg2 Qe4+
53. Kf2 Qf4+ 54. Ke2 Qe4+ 55. Kd2 Qb4+ 56. Kc2 Qa4+ 57. Kc3 Qa1+ 58. Kb4 Qe1+
59. Kc5 Qe5+ 60. Kc4 Qe4+ 61. Kb5 Qd5+ 62. Kb4 Qd2+ 63. Kc5 Qe3+ 64. Kd6 Qd4+
65. Ke7 Qe5+ 66. Kf7 Qd5+ 67. Qe6 Qb7+ 68. Qe7 Qd5+ 69. Ke8 Qc6+ 70. Qd7 Qa8+
71. Qd8 Qc6+ 72. Kf8 Qc5+ 73. Kg8 Qf2 74. Bc4 Qf4 75. Bf7 Qg3 76. h4 1-0

[Event "CAN-ch"]
[Site "Toronto CAN"]
[Date "2023.04.07"]
[Round "2.13"]
[White "Joseph Benher, Savio"]
[Black "Yang, Jingyun (Ryan)"]
[Result "0-1"]
[WhiteElo "2120"]
[BlackElo "2196"]
[PlyCount "118"]
[EventDate "2023.04.06"]
[EventType "swiss"]
[EventRounds "9"]
[EventCountry "CAN"]

1. e4 Nf6 2. e5 Nd5 3. c4 Nb6 4. d4 d6 5. f4 Bf5 6. Nc3 e6 7. Nf3 dxe5 8. fxe5
Nc6 9. Be3 Bb4 10. Be2 h6 11. O-O Bxc3 12. bxc3 Qe7 13. Bd2 O-O-O 14. Qb3 g5
15. c5 Nd7 16. Rab1 Bxb1 17. Rxb1 Nxc5 18. dxc5 Qxc5+ 19. Nd4 Na5 20. Qa4 c6
21. Kh1 Qxe5 22. Bf3 Rd6 23. Be1 f5 24. Nb3 Nxb3 25. Qxb3 Rd7 26. Bf2 Re8 27.
a4 g4 28. Re1 Qc7 29. Be2 a6 30. Bc4 Kb8 31. Bxe6 Rd2 32. Rf1 Ka8 33. Bg3 Qe7
34. Bxf5 h5 35. Bg6 Qe2 36. Rg1 Rh8 37. Bh4 Rf8 38. Qb1 g3 39. Qe1 gxh2 40.
Kxh2 Qg4 41. Qg3 Qxa4 42. Be7 Rg8 43. Qe3 Rb2 44. Bd3 Qg4 45. Bf1 h4 46. Bf6
Qg3+ 47. Qxg3 hxg3+ 48. Kh3 Rb1 49. Bc4 Rxg1 50. Bxg8 Rf1 51. Bd4 Rf5 52. Kg4
Rb5 53. Bc4 Rb2 54. Kxg3 a5 55. Kf3 a4 56. g4 a3 57. g5 b5 58. g6 bxc4 59. Be5
Rb7 0-1

[Event "CAN-ch"]
[Site "Toronto CAN"]
[Date "2023.04.07"]
[Round "3.3"]
[White "Sambuev, Bator"]
[Black "Huang, Youhe"]
[Result "1-0"]
[WhiteElo "2514"]
[BlackElo "2284"]
[PlyCount "65"]
[EventDate "2023.04.06"]
[EventType "swiss"]
[EventRounds "9"]
[EventCountry "CAN"]

1. d4 d5 2. c4 e6 3. Nf3 c6 4. e3 Nf6 5. Nbd2 Bd6 6. b3 Nbd7 7. Bb2 Qe7 8. Ne5
Ba3 9. Bxa3 Qxa3 10. Bd3 Nxe5 11. dxe5 Nd7 12. f4 O-O 13. Qc2 h6 14. cxd5 exd5
15. Rc1 b6 16. Nf3 Nc5 17. Bh7+ Kh8 18. O-O a5 19. Nd4 Bd7 20. g4 Bxg4 21. Kh1
a4 22. Qg2 Kxh7 23. Qxg4 Qxa2 24. Rc2 Qa3 25. Rg2 Rg8 26. Nf5 Ne6 27. Nd6 Ra7
28. Nxf7 Nf8 29. Nxh6 Rh8 30. Rfg1 g6 31. Qh3 Rg7 32. Nf7+ Kg8 33. Nxh8 1-0

[Event "CAN-ch"]
[Site "Toronto CAN"]
[Date "2023.04.07"]
[Round "3.4"]
[White "Rusonik, Max"]
[Black "Song, Ethan"]
[Result "1-0"]
[WhiteElo "2394"]
[BlackElo "2088"]
[PlyCount "73"]
[EventDate "2023.04.06"]
[EventType "swiss"]
[EventRounds "9"]
[EventCountry "CAN"]

1. e4 e6 2. d4 d5 3. e5 c5 4. c3 Nc6 5. Nf3 Nge7 6. Na3 Nf5 7. Nc2 cxd4 8. cxd4
Be7 9. Bd3 Qb6 10. O-O Bd7 11. g4 Nh6 12. h3 Ng8 13. b4 f6 14. b5 Na5 15. Re1
Nc4 16. a4 Rc8 17. Qe2 Bd8 18. Ne3 Nxe3 19. Qxe3 Ne7 20. a5 Qc7 21. Ba3 O-O 22.
Bd6 Qc3 23. Ra3 Kh8 24. Rxc3 Rxc3 25. Qd2 Bxa5 26. Bxe7 Rf7 27. exf6 gxf6 28.
Ra1 Ra3 29. Bxa3 Bxd2 30. Nxd2 e5 31. dxe5 fxe5 32. Bb2 d4 33. Rxa7 h5 34. Rxb7
hxg4 35. hxg4 Rg7 36. Bf5 Bxf5 37. Rxg7 1-0

[Event "CAN-ch"]
[Site "Toronto CAN"]
[Date "2023.04.07"]
[Round "3.5"]
[White "Plotkin, Victor"]
[Black "Zhou, Aiden"]
[Result "1/2-1/2"]
[WhiteElo "2386"]
[BlackElo "2257"]
[PlyCount "98"]
[EventDate "2023.04.06"]
[EventType "swiss"]
[EventRounds "9"]
[EventCountry "CAN"]

1. e4 c6 2. Nc3 d5 3. Nf3 dxe4 4. Nxe4 Nf6 5. Nxf6+ exf6 6. Bc4 Bd6 7. Qe2+ Be7
8. O-O O-O 9. Re1 Bd6 10. d4 a5 11. Nh4 b5 12. Bd3 Ra7 13. Bd2 Be6 14. Nf5 g6
15. Nxd6 Qxd6 16. Qf3 Bd5 17. Bf4 Qd8 18. Qe3 Kh8 19. b3 Rd7 20. Rad1 Be6 21.
c3 Re8 22. Bc2 Rde7 23. Qd2 Na6 24. h3 Bd5 25. Bg3 Kg7 26. f3 Nc7 27. Rxe7 Rxe7
28. Re1 Rxe1+ 29. Qxe1 Be6 30. Qd2 Nd5 31. Be4 f5 32. Bd3 b4 33. c4 Nc3 34. Bf1
f6 35. Bf2 g5 36. a3 f4 37. axb4 axb4 38. Bd3 Qd7 39. Qc2 h6 40. Kh2 Bf7 41.
Bf5 Be6 42. Bd3 Bf7 43. Bf5 Be6 44. Be4 h5 45. Bd3 Bf7 46. Bf5 Be6 47. Bd3 Bf7
48. Bf5 Be6 49. Bd3 Bf7 1/2-1/2

[Event "CAN-ch"]
[Site "Toronto CAN"]
[Date "2023.04.07"]
[Round "3.7"]
[White "Clyde, Jordan"]
[Black "Yang, Lefan"]
[Result "1-0"]
[WhiteElo "2247"]
[BlackElo "2180"]
[PlyCount "117"]
[EventDate "2023.04.06"]
[EventType "swiss"]
[EventRounds "9"]
[EventCountry "CAN"]

1. e4 c5 2. Nc3 Nc6 3. Bb5 Nd4 4. Nf3 Nxb5 5. Nxb5 d6 6. d4 Nf6 7. Qe2 a6 8.
Nc3 cxd4 9. Nxd4 e5 10. Nf3 h6 11. O-O b5 12. Ne1 Be7 13. f4 Bg4 14. Qd3 Be6
15. Nd5 Bxd5 16. exd5 e4 17. Qe3 Ng4 18. Qg3 Qb6+ 19. Kh1 f5 20. c3 h5 21. Nc2
h4 22. Qe1 h3 23. g3 Qc5 24. Ne3 Nxe3 25. Bxe3 Qxd5 26. Rf2 Rc8 27. Rd2 Qe6 28.
Qd1 Rc4 29. Rd5 Kf7 30. Qd2 Rhc8 31. a3 R4c6 32. Rd1 g6 33. Rf1 Ke8 34. Rd1 Kf7
35. Qf2 Rb8 36. Qf1 Rh8 37. R1d2 Rh5 38. Qd1 Bf8 39. a4 b4 40. cxb4 Ke8 41. b5
axb5 42. axb5 Rc8 43. b6 Rh7 44. Qa4+ Kd8 45. Rd1 Rb7 46. Bc5 Qd7 47. Qd4 Rxc5
48. Rxc5 dxc5 49. Qf6+ Ke8 50. Rxd7 Rxd7 51. Qxg6+ Kd8 52. Qg5+ Ke8 53. Qh5+
Kd8 54. Qxh3 e3 55. Qh8 Ke8 56. Qe5+ Re7 57. b7 e2 58. b8=Q+ Kf7 59. Qxf5+ 1-0

[Event "CAN-ch"]
[Site "Toronto CAN"]
[Date "2023.04.07"]
[Round "3.8"]
[White "Barron, Michael"]
[Black "Latreille, Etienne"]
[Result "1-0"]
[WhiteElo "2244"]
[BlackElo "2194"]
[PlyCount "61"]
[EventDate "2023.04.06"]
[EventType "swiss"]
[EventRounds "9"]
[EventCountry "CAN"]

1. e4 c5 2. Nf3 Nc6 3. d4 cxd4 4. Nxd4 g6 5. c4 Bg7 6. Be3 Nf6 7. Nc3 d6 8. f3
O-O 9. Qd2 Bd7 10. O-O-O Nxd4 11. Bxd4 Be6 12. Kb1 a5 13. a4 Nd7 14. b3 Bxd4
15. Qxd4 Nc5 16. Ka2 Qb6 17. Nb5 Rfd8 18. h4 Rac8 19. h5 Nd7 20. hxg6 fxg6 21.
g3 Qc5 22. Qd2 Ne5 23. Nd4 Nxc4 24. Bxc4 Bxc4 25. bxc4 Qxc4+ 26. Ka3 Qc5+ 27.
Kb2 Qe5 28. Qh6 Qh8 29. Qg5 Kf8 30. Kb3 Ke8 31. Qxg6+ 1-0

[Event "CAN-ch"]
[Site "Toronto CAN"]
[Date "2023.04.07"]
[Round "3.10"]
[White "Yang, Jingyun (Ryan)"]
[Black "Guillemette, Hugo"]
[Result "1/2-1/2"]
[WhiteElo "2196"]
[BlackElo "2124"]
[PlyCount "80"]
[EventDate "2023.04.06"]
[EventType "swiss"]
[EventRounds "9"]
[EventCountry "CAN"]

1. Nf3 c5 2. g3 b6 3. Bg2 Bb7 4. O-O e6 5. c4 Nf6 6. Nc3 d6 7. d4 cxd4 8. Nxd4
Bxg2 9. Kxg2 Be7 10. Kg1 a6 11. e4 O-O 12. Qe2 Qc7 13. Rd1 Nbd7 14. Bg5 Rac8
15. Rac1 Rfe8 16. b3 h6 17. Bxf6 Nxf6 18. Kg2 Bf8 19. f3 Qb7 20. Qd2 Red8 21.
Qe2 g6 22. a4 Bg7 23. b4 d5 24. cxd5 exd5 25. e5 Re8 26. f4 Ne4 27. Nxe4 dxe4
28. Rxc8 Rxc8 29. b5 axb5 30. axb5 Rc5 31. Nc6 Kh7 32. h4 Qa8 33. Qxe4 Rxb5 34.
h5 Qa2+ 35. Kg1 Rb3 36. hxg6+ fxg6 37. Qg2 Rb2 38. Qf3 Rb3 39. Qg2 Rb2 40. Qf3
Rb3 1/2-1/2

[Event "CAN-ch"]
[Site "Toronto CAN"]
[Date "2023.04.07"]
[Round "3.11"]
[White "Liu, Henry"]
[Black "Ning, Eric"]
[Result "1-0"]
[WhiteElo "2213"]
[BlackElo "2182"]
[PlyCount "69"]
[EventDate "2023.04.06"]
[EventType "swiss"]
[EventRounds "9"]
[EventCountry "CAN"]

1. d4 Nf6 2. Bf4 g6 3. Nc3 d5 4. e3 Bg7 5. h4 h5 6. Nf3 O-O 7. Ne5 c5 8. Qd2
Nc6 9. Nxc6 bxc6 10. dxc5 Qa5 11. a3 Re8 12. b4 Qd8 13. Rd1 e5 14. Bg5 Qe7 15.
Be2 Bf5 16. O-O Qe6 17. Bxf6 Bxf6 18. e4 dxe4 19. Qe3 Bxh4 20. Nxe4 Red8 21.
Rxd8+ Rxd8 22. Nd6 Qf6 23. Bf3 Rxd6 24. cxd6 Qxd6 25. Qxa7 e4 26. Be2 Be7 27.
Rd1 Qe6 28. Qd4 h4 29. Bc4 Qc8 30. Qe5 Qb7 31. c3 h3 32. gxh3 Bxh3 33. Qxe4 Bf5
34. Qe5 Bh4 35. Rd4 1-0

[Event "CAN-ch"]
[Site "Toronto CAN"]
[Date "2023.04.07"]
[Round "3.12"]
[White "Chen, Max"]
[Black "Joseph Benher, Savio"]
[Result "1-0"]
[WhiteElo "2345"]
[BlackElo "2120"]
[PlyCount "67"]
[EventDate "2023.04.06"]
[EventType "swiss"]
[EventRounds "9"]
[EventCountry "CAN"]

1. b3 e5 2. Bb2 Nc6 3. e3 a6 4. Nf3 d6 5. Be2 g6 6. c4 Bg7 7. d4 e4 8. Nfd2 f5
9. Nc3 Nf6 10. O-O O-O 11. f3 exf3 12. Bxf3 Bd7 13. Re1 Ng4 14. Nf1 h5 15. Nd5
Kh7 16. e4 fxe4 17. Rxe4 Bf5 18. Re2 Qd7 19. Ng3 Nh6 20. Qd2 Rae8 21. Rae1 Rxe2
22. Rxe2 h4 23. Ne4 Bxe4 24. Rxe4 h3 25. Nf4 hxg2 26. Ne6 Rf5 27. Bxg2 Rh5 28.
Ng5+ Kh8 29. Bf3 Rh3 30. Qg2 Rxf3 31. Qxf3 Kg8 32. Qe2 Nf7 33. Re8+ Bf8 34. Qe6
1-0

[Event "CAN-ch"]
[Site "Toronto CAN"]
[Date "2023.04.07"]
[Round "3.13"]
[White "Chen, Richard"]
[Black "Zhu, Matthew"]
[Result "0-1"]
[WhiteElo "2172"]
[BlackElo "2113"]
[PlyCount "82"]
[EventDate "2023.04.06"]
[EventType "swiss"]
[EventRounds "9"]
[EventCountry "CAN"]

1. e4 c5 2. Nf3 d6 3. d4 cxd4 4. Nxd4 Nf6 5. Nc3 g6 6. Be3 Bg7 7. f3 Nc6 8. Qd2
O-O 9. Bc4 Bd7 10. O-O-O Rc8 11. Bb3 Ne5 12. g4 b5 13. h4 b4 14. Nd5 Nxd5 15.
Bxd5 e6 16. Bb7 Rb8 17. h5 Nc4 18. Qe2 Nxe3 19. Qxe3 Rxb7 20. f4 e5 21. hxg6
exd4 22. Qh3 h6 23. gxf7+ Rxf7 24. Qh5 Qf6 25. Rdf1 d3 26. e5 dxe5 27. g5 Qc6
28. Rh2 hxg5 29. Qxg5 Qf6 30. Qh5 exf4 31. cxd3 Rc7+ 32. Kb1 Bf5 33. Rg1 Kf8
34. Re1 Bxd3+ 35. Ka1 Bc2 36. Rb1 Bxb1 37. Qb5 Bf5 38. Qxb4+ Rfe7 39. a4 Rc1+
40. Ka2 Be6+ 41. Qb3 Rb7 0-1